[Event "Gipuzkoa ch"]
[Site "Donostia"]
[Date "2013.10.26"]
[Round "4"]
[White "Garro Beraza, Julen"]
[Black "Mendia Rezola, Jokin"]
[Result "1-0"]
[WhiteElo "1986"]
[BlackElo "1713"]

1.e4 e5 2.Nf3 Nc6 3.Bb5 f5 4.d3 fxe4 5.dxe4 d6 6.O-O Nf6 7.Nc3 Be7 8.Qd3 
Bg4 9.h3 Bxf3 10.Qxf3 O-O 11.Qd3 Kh8 12.Be3 Nh5 13.Ne2 Bg5 14.c3 Bxe3 15.
Qxe3 Nf4 16.Kh2 Qf6 17.Rad1 Ne7 18.Bc4 h6 19.g3 Nxe2 20.Bxe2 Qe6 21.b3 Nc6
22.Bg4 Qf6 23.Kg2 Nd8 24.Qe2 a6 25.Rd3 Qe7 26.Bf5 Nc6 27.h4 Rf7 28.Qg4 
Raf8 29.Qg6 Rxf5 30.exf5 Rf6 31.Qh5 e4 32.Re3 Qe5 33.Qe2 Rxf5 34.Rxe4 Qxc3
35.Re8+ Kh7 36.Qe4 g6 37.Qe6 Qg7 38.Re1 h5 39.Qe4 Qf7 40.Re2 Ne5 41.Rb8 b6
42.Rb7 Ng4 43.f4 Nf6 44.Qe7 Nd5 45.Qxf7+ Rxf7 46.Kf3 Kg7 47.Rd2 Nf6 48.b4 
Re7 49.Ra7 Ne4 50.Rc2 Kf6 51.Raxc7 Nd2+ 52.Kf2 Ne4+ 53.Kg2 Re6 54.R7c6 Kf5
55.Rxb6 Kg4 56.Rxa6 Nxg3 57.b5 Kxh4 58.b6 Kg4 59.Ra5 d5 60.b7 Rb6 61.Rxd5 
h4 62.Rf2 Ne4 63.Re2 Nc3 64.Rd8 Rxb7 65.Rc2 Ne4 66.Rh8 Ra7 67.Kh2 Ra3 68.
Rh6 Rh3+ 69.Kg1 Rg3+ 70.Rg2 Rxg2+ 71.Kxg2 Kxf4 72.Rxh4+ Ke5 73.Rh8 Kd5 74.
Kf3 Nc3 75.a3 Kc4 76.Rb8 g5 77.Kg4 Nd5 78.Kxg5 Kc5 79.Kf5 1-0

[Event "Gipuzkoa ch"]
[Site "Donostia"]
[Date "2013.10.26"]
[Round "4"]
[White "Nogues Fernandez, Ramon"]
[Black "Fernandez Zubitur, Jokin"]
[Result "1/2-1/2"]
[WhiteElo "1934"]
[BlackElo "1983"]

1.e4 d6 2.d4 Nf6 3.Nc3 Nbd7 4.f4 e5 5.Nf3 exd4 6.Qxd4 c6 7.Be3 d5 8.O-O-O 
Bc5 9.Qd3 Bxe3+ 10.Qxe3 Qe7 11.Re1 dxe4 12.Nxe4 O-O 13.Nxf6+ Qxf6 14.Bd3 
Nb6 15.Ng5 Bf5 16.Bxf5 Qxf5 17.Qe4 Qxe4 18.Nxe4 Nd5 19.g3 Rad8 20.a3 b6 
21.c4 b5 22.Nc5 1/2-1/2

[Event "Gipuzkoa ch"]
[Site "Donostia"]
[Date "2013.10.26"]
[Round "4"]
[White "Sanchez Ruesga, Carlos"]
[Black "Rodriguez Cabrera, Fco. Javier"]
[Result "1/2-1/2"]
[WhiteElo "1661"]
[BlackElo "1902"]

1.e4 c6 2.d4 d5 3.e5 Bf5 4.Bd3 Bxd3 5.Qxd3 e6 6.Ne2 Nd7 7.O-O Ne7 8.f4 h5 
9.Nd2 h4 10.Nf3 Nf5 11.a4 a5 12.c3 Qb6 13.Bd2 Qb3 14.Rfb1 b5 15.Nc1 Qd1+ 
16.Kf2 h3 17.b3 Qh1 18.Qf1 Qxf1+ 19.Kxf1 hxg2+ 20.Kxg2 Be7 21.b4 axb4 22.
axb5 Rxa1 23.Rxa1 cxb5 24.Ra8+ Bd8 25.cxb4 O-O 26.Ng1 1/2-1/2

[Event "Gipuzkoa ch"]
[Site "Donostia"]
[Date "2013.10.26"]
[Round "4"]
[White "Aparicio Mola, Luis"]
[Black "Cantabrana Garona, Alejandro"]
[Result "0-1"]
[WhiteElo "1537"]
[BlackElo "1789"]

1.d4 Nf6 2.Bf4 d5 3.Nf3 e6 4.e3 b6 5.Bd3 Bb7 6.Nbd2 c5 7.c3 Nbd7 8.h3 Be7 
9.O-O Ne4 10.Ne5 Nxe5 11.Bxe5 Nxd2 12.Bb5+ Kf8 13.Qxd2 f6 14.f4 g6 15.dxc5
bxc5 16.c4 fxe5 17.fxe5+ Kg7 18.Qe2 Qc7 19.Qf2 Rhf8 20.Qg3 Rxf1+ 21.Rxf1 
Rf8 22.Rd1 Rf5 23.e4 Qxe5 24.Qxe5+ Rxe5 25.exd5 exd5 26.cxd5 Bxd5 27.Ra1 
0-1

[Event "Gipuzkoa ch"]
[Site "Donostia"]
[Date "2013.10.26"]
[Round "4"]
[White "Izquierdo Arruferia, Joseba"]
[Black "Fernandez Del Pozo, Anibal"]
[Result "0-1"]
[WhiteElo "1878"]
[BlackElo "1853"]

1.e4 d5 2.exd5 Qxd5 3.Nc3 Qa5 4.d4 c6 5.Bc4 Nf6 6.Nf3 Bg4 7.O-O e6 8.Bd2 
Qc7 9.Re1 Bd6 10.h3 Bh5 11.Bd3 Nbd7 12.a3 O-O-O 13.b4 g5 14.g4 Nxg4 15.
hxg4 Bxg4 16.Be2 h5 17.Nxg5 Nf6 18.Nce4 Nxe4 19.Nxe4 Bh2+ 20.Kh1 Rxd4 21.
Bxg4 hxg4 22.Kg2 Bf4 23.Bxf4 Qxf4 24.Qxd4 Qf3+ 0-1

[Event "Gipuzkoa ch"]
[Site "Donostia"]
[Date "2013.10.26"]
[Round "4"]
[White "Elduayen Echave, Ramon"]
[Black "Irure Crespo, Egoitz"]
[Result "1/2-1/2"]
[WhiteElo "1704"]
[BlackElo "1996"]

1.e4 c6 2.Nc3 d5 3.Nf3 d4 4.Ne2 c5 5.Ng3 Nc6 6.Bc4 e6 7.d3 Nf6 8.e5 Nd7 9.
Qe2 Qc7 10.Bf4 Qa5+ 11.Bd2 Qc7 12.Bf4 Qa5+ 13.Bd2 Qc7 14.Bf4 1/2-1/2

[Event "Gipuzkoa ch"]
[Site "Donostia"]
[Date "2013.10.26"]
[Round "4"]
[White "Alvarado Fernandez, Mikel"]
[Black "Lazkano Gaite, Tomas"]
[Result "1-0"]
[WhiteElo "1961"]
[BlackElo "1704"]

1.d4 Nf6 2.Nf3 g6 3.e3 d5 4.Bd3 Bg4 5.h3 Bxf3 6.Qxf3 Bg7 7.O-O O-O 8.b3 
Nc6 9.c3 e5 10.Qd1 Re8 11.Re1 Qd7 12.Nd2 Re7 13.Ba3 Ree8 14.Rc1 exd4 15.
cxd4 a5 16.Bb5 Ne4 17.Nxe4 Rxe4 18.Rc3 Rae8 19.Re2 Qe6 20.Bxc6 bxc6 21.Bc5
f5 22.f3 Rh4 23.Kh2 f4 24.e4 g5 25.Rcc2 Qg6 26.exd5 h5 27.Rxe8+ Qxe8 28.
Re2 Qc8 29.Qe1 Qf5 30.Re8+ Kh7 31.dxc6 g4 32.Qe4 Kg6 33.Re6+ Bf6 34.Rxf6+ 
Kxf6 35.Be7+ Kg6 36.Qxf5+ Kxf5 37.Bxh4 1-0

[Event "Gipuzkoa ch"]
[Site "Donostia"]
[Date "2013.10.26"]
[Round "4"]
[White "Tung, Siu Hung"]
[Black "Goni Garmendia, Aitor"]
[Result "1-0"]
[WhiteElo "1850"]
[BlackElo "1769"]

1.b3 Nf6 2.Bb2 e6 3.Nf3 d5 4.e3 c5 5.Nc3 Be7 6.Be2 Nbd7 7.O-O a6 8.a4 O-O 
9.Re1 Qc7 10.Bf1 b6 11.d4 Bb7 12.Rc1 Rac8 13.Ne2 c4 14.c3 b5 15.b4 Ng4 16.
Ng3 f5 17.a5 e5 18.dxe5 Ndxe5 19.Nd4 Qd6 20.h3 Nxf2 21.Kxf2 Bh4 22.Qc2 
Bxg3+ 23.Kxg3 f4+ 24.Kh2 fxe3 25.Kh1 Rf2 26.Qb1 Qh6 27.Nf5 Qf4 28.Nxe3 Nf3
29.Ng4 h5 30.Qg6 Nxe1 31.Nxf2 Qxf2 32.Qe6+ Kh8 33.Rxe1 Qxb2 34.Re5 1-0

[Event "Gipuzkoa ch"]
[Site "Donostia"]
[Date "2013.10.26"]
[Round "4"]
[White "Kuende Gorostidi, Jon"]
[Black "Parron Luceno, David"]
[Result "1-0"]
[WhiteElo "1799"]
[BlackElo "1582"]

1.e4 c6 2.c4 d6 3.d4 g6 4.Bd3 Bg7 5.Ne2 Bg4 6.f3 Bd7 7.O-O Qb6 8.Be3 e5 9.
c5 dxc5 10.dxe5 Bh6 11.f4 Bg4 12.Nbc3 Nd7 13.Na4 Qa5 14.Bd2 Qc7 15.h3 Be6 
16.Rc1 b6 17.b4 c4 18.Bb1 b5 19.Nb2 Nb6 20.Bc3 Ne7 21.Qe1 O-O-O 22.Qh4 Bg7
23.Bd4 h6 24.Qg3 h5 25.Rfd1 h4 26.Qf2 Kb7 27.Bc5 Nec8 28.Nd4 Bf8 29.Nxe6 
fxe6 30.a4 Rxd1+ 31.Rxd1 Nxa4 32.Nxa4 bxa4 33.Bc2 Bxc5 34.bxc5 Rd8 35.Rb1+
Ka8 36.Bxa4 c3 37.Qc2 Rd4 38.Qb3 Ne7 39.Qc2 Qa5 40.Qb3 Qc7 41.Qa2 Rxe4 42.
Bc2 Re2 43.Qb3 Nd5 44.Bd3 c2 45.Bxc2 Ne3 46.Be4 Nd5 47.Bxg6 Nxf4 48.Be8 
Rxg2+ 49.Kf1 Rg8 50.Qb8+ Qxb8 51.Bxc6+ Qb7 52.Rxb7 Rg6 53.Rb1# 1-0

[Event "Gipuzkoa ch"]
[Site "Donostia"]
[Date "2013.10.26"]
[Round "4"]
[White "Navascues Zabaleta, Jesus"]
[Black "Aizpurua Zufiria, Inaki"]
[Result "1-0"]
[WhiteElo "1778"]
[BlackElo "1564"]

1.e4 c5 2.Nc3 e6 3.f4 d5 4.d3 Nc6 5.Nf3 dxe4 6.Nxe4 Nf6 7.Bd2 Be7 8.g3 a6 
9.Bg2 Bd7 10.O-O O-O 11.Kh1 Rb8 12.Qe2 b5 13.Rad1 Re8 14.Qf2 Qb6 15.Ne5 
Rbd8 16.h3 Nb8 17.Be3 Nxe4 18.Bxe4 Qc7 19.b4 f6 20.Nxd7 Nxd7 21.bxc5 Nxc5 
22.Bg2 Rd7 23.d4 Red8 24.Qf3 Nb7 25.Qf2 Nd6 26.d5 Nc4 27.Qf3 exd5 28.Bd4 
Bc5 29.c3 Bxd4 30.Rxd4 Nb6 31.Rfd1 Kf7 32.Qh5+ Kg8 33.R4d3 Qc6 34.Qg4 Qc7 
35.Qe6+ Kf8 36.Qf5 Kg8 37.Re3 Re7 38.Rde1 Rxe3 39.Rxe3 Nc4 40.Bxd5+ Kh8 
41.Re2 Nd6 42.Qe6 Qf7 43.Qxf7 Nxf7 44.Bxf7 h6 45.Re8+ Rxe8 46.Bxe8 Kg8 47.
Bc6 Kf8 48.Bb7 a5 49.Ba6 b4 50.cxb4 axb4 51.Kg2 Ke7 52.Kf3 g6 53.Ke4 Kd6 
54.Bc4 Kc5 55.Bb3 Kd6 56.Kd4 g5 57.fxg5 hxg5 58.Ke4 1-0

[Event "Gipuzkoa ch"]
[Site "Donostia"]
[Date "2013.10.26"]
[Round "4"]
[White "Puga Senar, Fernando"]
[Black "Fuente San Sebastian, Ernesto"]
[Result "0-1"]
[WhiteElo "1811"]
[BlackElo "1866"]

1.d4 Nf6 2.c4 e5 3.dxe5 Ne4 4.Nf3 Bb4+ 5.Nbd2 Nc6 6.Qc2 Nxd2 7.Bxd2 Bxd2+ 
8.Qxd2 Qe7 9.Qc3 O-O 10.e3 Re8 11.Be2 Nxe5 12.Nxe5 Qxe5 13.Qxe5 Rxe5 14.
Bf3 d6 15.Kd2 Bd7 16.Rhc1 Rae8 17.b4 b6 18.Rc3 a5 19.a3 g5 20.Rac1 g4 21.
Be2 axb4 22.axb4 Ra8 23.c5 Ra2+ 24.Ke1 bxc5 25.bxc5 d5 26.c6 Bf5 27.Rd1 h5
28.Bd3 d4 29.Bc4 dxc3 30.Bxa2 Rc5 31.Rc1 Rxc6 32.Bb3 Be4 33.g3 Bf3 34.Bd1 
Bxd1 35.Kxd1 c2+ 36.Kd2 Kg7 37.Ke2 Kf6 38.f4 Ke6 39.e4 Kd6 40.Kd3 Rc5 41.
Kd4 Rc6 42.Kd3 Kd7 43.Kd4 Ke7 44.Kd5 Rd6+ 45.Kc4 Rd2 46.Kc3 Rxh2 47.Rg1 
Rg2 48.Rh1 Rxg3+ 49.Kxc2 Rh3 50.Rg1 g3 51.Kd3 h4 52.Ke3 Rh2 53.Kf3 g2 0-1

[Event "Gipuzkoa ch"]
[Site "Donostia"]
[Date "2013.11.02"]
[Round "5"]
[White "Argandona Riveiro, Inigo"]
[Black "Guijarro Galan, Jose Luis"]
[Result "1-0"]
[WhiteElo "2408"]
[BlackElo "2178"]

1.e4 e5 2.Nf3 Nf6 3.d3 Nc6 4.Be2 Be7 5.c3 O-O 6.b4 a6 7.O-O d5 8.Nbd2 Bg4 
9.a3 Bd6 10.Bb2 a5 11.Qc2 Ne7 12.h3 Bh5 13.c4 c6 14.c5 Bc7 15.g4 Bg6 16.
Nxe5 dxe4 17.dxe4 Bxe5 18.Bxe5 Nxe4 19.Nxe4 Qd5 20.Qb2 Qxe4 21.Bxg7 Nd5 
22.Bxf8 Rxf8 23.Rfe1 axb4 24.axb4 Re8 25.Qd2 Qxb4 26.Qxb4 Nxb4 27.Bc4 Rd8 
28.Rad1 Ra8 29.f4 Nc2 30.Re2 Na3 31.Ra2 Ra5 32.Bf1 1-0

[Event "Gipuzkoa ch"]
[Site "Donostia"]
[Date "2013.11.02"]
[Round "5"]
[White "Lakunza Oyarbide, Juan Carlos"]
[Black "Sanchez Ruesga, Hector"]
[Result "1/2-1/2"]
[WhiteElo "2120"]
[BlackElo "2074"]

1.Nf3 d5 2.d3 Nf6 3.g3 e6 4.Bg2 Be7 5.O-O O-O 6.c4 c5 7.Na3 Nc6 8.Rb1 Re8 
9.Bd2 Bd7 10.e3 Rb8 11.Bc3 a6 12.Ne5 b5 13.Nc2 b4 14.cxd5 exd5 15.Nxd7 
Qxd7 16.Bd2 Qf5 17.e4 dxe4 18.dxe4 Nxe4 19.Bf4 Rbc8 20.Qe2 Bg5 21.Ne3 Qg6 
22.Bxg5 Nxg5 23.Qxa6 Nd4 24.Qxg6 hxg6 25.Rfd1 Red8 26.Bd5 Rc7 27.Kg2 Rcd7 
28.h4 Nh7 29.Bc4 Nf6 30.Rd3 Rd6 31.Rbd1 Nd7 32.f4 Nb6 33.Kf2 Kf8 34.R3d2 
Nd7 35.Nd5 Nb8 36.Ne3 Nd7 37.Be2 Nb6 38.Nc4 Nxc4 39.Bxc4 Re8 40.Rd3 Re4 
41.Re1 Rxe1 42.Kxe1 Rd8 43.Kf2 Re8 44.Re3 Nf5 45.Rxe8+ Kxe8 46.a4 bxa3 47.
bxa3 Nd6 48.Bd5 Kd7 49.a4 Kc7 50.g4 Kb6 51.Ke3 Ka5 52.Bb3 Kb4 1/2-1/2

[Event "Gipuzkoa ch"]
[Site "Donostia"]
[Date "2013.11.02"]
[Round "5"]
[White "Alcaide Luque, Aitor"]
[Black "Garro Beraza, Julen"]
[Result "1-0"]
[WhiteElo "2164"]
[BlackElo "1986"]

1.d4 d6 2.e4 g6 3.Nc3 Bg7 4.f4 Nf6 5.Nf3 O-O 6.Be3 c6 7.Qd2 b5 8.a3 Bb7 9.
Bd3 a5 10.h3 Nbd7 11.e5 b4 12.Ne4 Nd5 13.e6 fxe6 14.Nfg5 e5 15.Ne6 Qb6 16.
Bf2 exf4 17.Nxf8 Rxf8 18.Bc4 bxa3 19.Rxa3 Qxb2 20.Rb3 Qa1+ 21.Qd1 Qxd1+ 
22.Kxd1 Bc8 23.Re1 Kh8 24.Bxd5 cxd5 25.Ng5 a4 26.Rb4 h6 27.Ne6 Rf7 28.Rxa4
Nf8 29.Nd8 Rf5 30.Ra8 Bd7 31.Rxe7 Bf6 32.Re1 Kg7 33.Ke2 Ne6 34.Ra7 Nf8 35.
Ne6+ Nxe6 36.Rxd7+ Kf8 37.c3 Ng5 38.Ra1 Nf7 39.Ra8+ Kg7 40.Raa7 Bg5 41.
Rxd6 h5 42.h4 Bh6 43.Rad7 1-0

[Event "Gipuzkoa ch"]
[Site "Donostia"]
[Date "2013.11.02"]
[Round "5"]
[White "Fernandez Zubitur, Jokin"]
[Black "Ros Eskisabel, Jose Ramon"]
[Result "1-0"]
[WhiteElo "1983"]
[BlackElo "2124"]

1.e4 c5 2.Nc3 a6 3.d3 e6 4.g3 b5 5.Bg2 Bb7 6.Nf3 d5 7.exd5 exd5 8.d4 c4 9.
O-O Be7 10.Re1 Nf6 11.Ne5 O-O 12.Bg5 b4 13.Na4 Ra7 14.Ng4 Bc6 15.Rxe7 Qxe7
16.Nxf6+ Kh8 17.Nxh7 f6 18.Nxf8 Qxf8 19.Qh5+ Kg8 20.Bf4 g5 21.Bxb8 Qxb8 
22.Nc5 1-0

[Event "Gipuzkoa ch"]
[Site "Donostia"]
[Date "2013.11.02"]
[Round "5"]
[White "Segovia Sanchez, Antonio"]
[Black "Nogues Fernandez, Ramon"]
[Result "1-0"]
[WhiteElo "2059"]
[BlackElo "1934"]

1.d4 Nf6 2.Bf4 c6 3.c3 Qb6 4.Qb3 d6 5.Nd2 Bf5 6.Ngf3 Nbd7 7.e3 h6 8.h3 g5 
9.Bh2 Bg7 10.Bc4 d5 11.Be2 a5 12.c4 a4 13.Qc3 Ne4 14.Qc1 Nxd2 15.Qxd2 dxc4
16.Bxc4 O-O 17.O-O Rfd8 18.Qe2 Be4 19.Rac1 Qa5 20.Nd2 Bg6 21.Nf3 Be4 22.
Rfd1 Rac8 23.h4 b5 24.Bd3 Bxd3 25.Rxd3 g4 26.Ne5 Nxe5 27.Bxe5 Bxe5 28.dxe5
h5 29.Rdc3 Qb4 30.Qc2 e6 31.a3 Qe7 32.g3 Qd7 33.Qe4 Qd5 34.Qf4 Qf3 35.Qg5+
Kf8 36.Qxh5 Rd1+ 37.Rxd1 Qxd1+ 38.Kh2 Qe2 39.Qh8+ Ke7 40.Qf6+ Ke8 41.Kg2 
c5 42.h5 c4 43.h6 Qf3+ 44.Qxf3 gxf3+ 45.Kxf3 Kf8 46.g4 Rc5 47.Ke4 Rd5 48.
Rc2 Kg8 49.Kf4 Kh7 50.Kg5 Rxe5+ 51.Kf6 Rd5 52.Kxf7 Kxh6 53.f4 1-0

[Event "Gipuzkoa ch"]
[Site "Donostia"]
[Date "2013.11.02"]
[Round "5"]
[White "Galarraga Lasa, Jon Gurutz"]
[Black "Perez Cela, David"]
[Result "0-1"]
[WhiteElo "1914"]
[BlackElo "2036"]

1.Nf3 Nf6 2.d4 c5 3.e3 b6 4.c4 e6 5.Nc3 Be7 6.Bd3 Bb7 7.O-O O-O 8.Qc2 d6 
9.Ne4 h6 10.b3 Nc6 11.a3 Rc8 12.Bb2 Na5 13.Ng3 d5 14.Rfd1 Qe8 15.Ne5 cxd4 
16.Bxd4 dxc4 17.bxc4 Nc6 18.Bc3 Nxe5 19.Bxe5 Qc6 20.f3 Ba6 21.Rac1 Rfd8 
22.Qb2 Kf8 23.Ne4 Ne8 24.Bd4 f6 25.c5 Bxd3 26.cxb6 Qb5 27.b7 Rxc1 28.Rxc1 
Qxb2 29.Bxb2 Bxe4 30.fxe4 Rb8 0-1

[Event "Gipuzkoa ch"]
[Site "Donostia"]
[Date "2013.11.02"]
[Round "5"]
[White "Fernandez Del Pozo, Anibal"]
[Black "Galarza Cenzano, Inigo"]
[Result "0-1"]
[WhiteElo "1853"]
[BlackElo "2034"]

1.e4 c6 2.d4 d5 3.exd5 cxd5 4.Bd3 Nc6 5.Nf3 Bg4 6.c3 Nf6 7.O-O e6 8.Bf4 
Bd6 9.Bxd6 Qxd6 10.h3 Bh5 11.Nbd2 O-O 12.Qc2 Rac8 13.a3 a6 14.Rae1 b5 15.
Ne5 Nxd4 16.Qb1 Nc6 17.f4 Bg6 18.Nxg6 hxg6 19.g4 Ne7 20.Rf3 Nd7 21.f5 Ne5 
22.Rg3 Nc4 23.Rg2 e5 24.fxg6 fxg6 25.Bxc4 bxc4 26.Qd1 Qc5+ 27.Kh1 e4 28.
Qe2 g5 29.Nxe4 dxe4 30.Qxe4 Nd5 31.Qe6+ Kh8 32.Re5 Nf4 33.Rxc5 Nxe6 34.
Rxc8 Rxc8 35.Rd2 0-1

[Event "Gipuzkoa ch"]
[Site "Donostia"]
[Date "2013.11.02"]
[Round "5"]
[White "Cantabrana Garona, Alejandro"]
[Black "Cejudo Urdampilleta, Jose Manu"]
[Result "0-1"]
[WhiteElo "1789"]
[BlackElo "1922"]

1.d4 Nf6 2.Nf3 e6 3.e3 d5 4.c4 Be7 5.Bd3 O-O 6.O-O a6 7.b3 b6 8.Nbd2 Bb7 
9.Ne5 c5 10.Bb2 cxd4 11.exd4 Nc6 12.Nxc6 Bxc6 13.Nf3 Bb7 14.Rc1 Rc8 15.Qe2
dxc4 16.bxc4 Qd6 17.Ne5 Rfd8 18.Rfd1 g6 19.Bb1 Nd7 20.Ng4 Bg5 21.Rc3 h5 
22.Ne3 Nf6 23.f3 h4 24.Rcd3 Bf4 25.c5 Bxh2+ 26.Kh1 Qf4 27.Bc1 Nh5 28.Nf1 
Qb8 29.Rb3 Bf4 30.Bxg6 Ng3+ 31.Nxg3 hxg3 32.Rxb6 Kg7 33.Bxf7 Rh8+ 34.Kg1 
Rhd8 35.Bg6 0-1

[Event "Gipuzkoa ch"]
[Site "Donostia"]
[Date "2013.11.02"]
[Round "5"]
[White "Mendia Rezola, Jokin"]
[Black "Alvarado Fernandez, Mikel"]
[Result "0-1"]
[WhiteElo "1713"]
[BlackElo "1961"]

1.e4 c6 2.Nf3 d5 3.exd5 cxd5 4.Ne5 Nf6 5.d4 e6 6.c3 Be7 7.Bd3 O-O 8.Qf3 
Nbd7 9.Qh3 Qc7 10.Bf4 Qb6 11.b3 Re8 12.Nd2 Nf8 13.Ndf3 Ne4 14.Qh5 Ng6 15.
Be3 Qd8 16.Bxe4 dxe4 17.Nd2 Nxe5 18.dxe5 Qd3 19.c4 Bd7 20.Rd1 Bb4 21.Qe2 
Qxe2+ 22.Kxe2 Bc6 23.Bd4 e3 24.Kxe3 Bxg2 25.Rhg1 Bh3 26.Ne4 Red8 27.Bc5 
Ba5 28.Nd6 Rd7 29.Nb5 Rxd1 30.Rxd1 a6 31.Nd6 Rd8 32.Rd3 b5 33.cxb5 axb5 
34.Nxb5 Rxd3+ 35.Kxd3 Bf1+ 36.Kd4 Bxb5 37.b4 Bc7 38.Be7 Bb6+ 39.Bc5 Bd8 
40.Bd6 Bh4 41.Kc5 Bd7 42.b5 Bxf2+ 43.Kb4 f5 44.a4 f4 45.a5 f3 46.a6 Bc8 
0-1

[Event "Gipuzkoa ch"]
[Site "Donostia"]
[Date "2013.11.02"]
[Round "5"]
[White "Salterain Gonzalez, Galder"]
[Black "Tung, Siu Hung"]
[Result "0-1"]
[WhiteElo "1939"]
[BlackElo "1850"]

1.e4 d6 2.d4 Nf6 3.Nc3 g6 4.Bg5 Nbd7 5.f4 Bg7 6.Nf3 O-O 7.Bc4 c6 8.e5 d5 
9.Bd3 Ne8 10.Qd2 Nc7 11.Ne2 Ne6 12.g4 f6 13.Bh4 fxe5 14.dxe5 Ndc5 15.Rg1 
Bh6 16.Bg3 Qb6 17.O-O-O Nxd3+ 18.cxd3 Nc5 19.Bh4 Ne6 20.Bg3 Bd7 21.Kb1 Rf7
22.Rdf1 Raf8 23.Bf2 c5 24.g5 Bg7 25.d4 cxd4 26.Bxd4 Nxd4 27.Nfxd4 Bxe5 28.
h4 Bg7 29.Rd1 e5 30.fxe5 Bxe5 31.Qe3 Bg7 32.Rd3 Bf5 0-1

[Event "Gipuzkoa ch"]
[Site "Donostia"]
[Date "2013.11.02"]
[Round "5"]
[White "Izagirre Alsua, Aritz"]
[Black "Kuende Gorostidi, Jon"]
[Result "0-1"]
[WhiteElo "1925"]
[BlackElo "1799"]

1.e4 c5 2.Nc3 Nc6 3.g3 g6 4.Bg2 Bg7 5.d3 d6 6.Be3 Rb8 7.Qd2 b5 8.f4 b4 9.
Nd1 Qc7 10.Nf3 f5 11.O-O Nh6 12.h3 O-O 13.c3 a5 14.e5 dxe5 15.fxe5 Nf7 16.
d4 Ba6 17.Re1 Rbd8 18.Qf2 bxc3 19.bxc3 cxd4 20.cxd4 Nb4 21.Rc1 Qb8 22.Nb2 
Nd5 23.Rb1 Nc3 24.Rbc1 Ne4 25.Qc2 Rc8 26.Qb3 Qxb3 27.axb3 Nc3 28.Nc4 Nd5 
29.Bd2 a4 30.Ng5 Nxg5 31.Bxd5+ e6 32.Bxg5 exd5 33.Nd6 Rxc1 34.Rxc1 axb3 
35.Rb1 Rb8 36.Rb2 Bd3 37.Kf2 Rb4 38.Be3 Kf8 39.Ke1 h6 40.h4 Ke7 41.Kd2 Bc2
42.Kc3 Rb8 43.Bf4 Ke6 44.Kd2 Bf8 45.Nf7 Bb4+ 46.Kc1 Ra8 47.Rxc2 bxc2 48.
Nd6 Ra2 49.Nb5 Kd7 50.Bd2 Be7 51.Nc3 Ba3# 0-1

[Event "Gipuzkoa ch"]
[Site "Donostia"]
[Date "2013.11.02"]
[Round "5"]
[White "Irure Crespo, Egoitz"]
[Black "Sanchez Ruesga, Carlos"]
[Result "1/2-1/2"]
[WhiteElo "1996"]
[BlackElo "1661"]

1.e4 c5 2.Nf3 Nc6 3.c3 d5 4.e5 Bf5 5.d4 e6 6.Bd3 Nge7 7.Na3 Bxd3 8.Qxd3 
Nf5 9.Nc2 cxd4 10.cxd4 Qb6 11.O-O Be7 12.b3 O-O 13.g4 Nh4 14.Nxh4 Bxh4 15.
g5 Ne7 16.Ba3 Rfe8 17.Bxe7 Rxe7 18.Qd2 f6 19.f4 h6 20.exf6 gxf6 21.gxh6 
Kh7 22.Kh1 f5 23.Rg1 Bf6 24.Rad1 Rf8 25.Qg2 Qc7 26.Qf2 Rc8 27.Qg3 Rf8 28.
Rc1 Qb6 29.Qe3 Rc8 30.Rg2 Qc7 31.Rcg1 Qc3 32.Qe2 Bxd4 33.Nxd4 Qxd4 34.Qh5 
Qc3 35.Qe2 1/2-1/2

[Event "Gipuzkoa ch"]
[Site "Donostia"]
[Date "2013.11.02"]
[Round "5"]
[White "Goni Garmendia, Aitor"]
[Black "Izquierdo Arruferia, Joseba"]
[Result "0-1"]
[WhiteElo "1769"]
[BlackElo "1878"]

1.e4 e6 2.d4 d5 3.exd5 exd5 4.Bd3 Bd6 5.Qe2+ Qe7 6.c4 c6 7.Bg5 Qxe2+ 8.
Nxe2 dxc4 9.Bxc4 Ne7 10.Nbc3 Nd7 11.Ne4 Bb4+ 12.Bd2 Bxd2+ 13.Kxd2 O-O 14.
Rad1 Nb6 15.Bb3 Ned5 16.Rhe1 Rd8 17.Kc1 Bf5 18.f3 Ne3 19.Rd2 Nxg2 20.Rg1 
Nh4 21.Ng5 Nd5 22.Ng3 Bg6 23.f4 Nxf4 24.N3e4 Nd5 25.Rg3 h6 26.Nxf7 Bxf7 
27.Rf2 Ng6 28.h4 Nxh4 29.Nf6+ Nxf6 30.Rxf6 Bxb3 31.axb3 Rxd4 32.Re6 0-1

[Event "Gipuzkoa ch"]
[Site "Donostia"]
[Date "2013.11.02"]
[Round "5"]
[White "Zubia Aramburu, Mikel"]
[Black "Aizpurua Zufiria, Inaki"]
[Result "1-0"]
[WhiteElo "1820"]
[BlackElo "1564"]

1.c4 e5 2.Nc3 Nf6 3.g3 d5 4.cxd5 Nxd5 5.Bg2 Nb6 6.Nf3 Nc6 7.d3 Be7 8.O-O 
O-O 9.a3 Be6 10.b4 a6 11.Bb2 Bf6 12.Ne4 Rb8 13.Nc5 Bf5 14.Rc1 Re8 15.Nxa6 
Ra8 16.Nc5 Qc8 17.Nd2 Be7 18.Nxb7 Na4 19.Bxc6 Nxb2 20.Qb3 Na4 21.Na5 1-0

[Event "Gipuzkoa ch"]
[Site "Donostia"]
[Date "2013.11.09"]
[Round "6"]
[White "Alcaide Luque, Aitor"]
[Black "Argandona Riveiro, Inigo"]
[Result "1/2-1/2"]
[WhiteElo "2164"]
[BlackElo "2408"]

1.d4 d6 2.Nf3 Nf6 3.c4 g6 4.Nc3 Bg7 5.e4 O-O 6.Be2 Nbd7 7.O-O e5 8.Be3 a5 
9.Re1 exd4 10.Nxd4 Nc5 11.f3 c6 12.Qc2 Qe7 13.Bf1 Re8 14.Nb3 Nfd7 15.Nd4 
h5 16.Rad1 Nf8 17.b3 h4 18.Qd2 Nce6 19.Na4 1/2-1/2

[Event "Gipuzkoa ch"]
[Site "Donostia"]
[Date "2013.11.09"]
[Round "6"]
[White "Galarza Cenzano, Inigo"]
[Black "Lakunza Oyarbide, Juan Carlos"]
[Result "1/2-1/2"]
[WhiteElo "2034"]
[BlackElo "2120"]

1.e4 e5 2.Nf3 Nc6 3.d4 exd4 4.Nxd4 Nf6 5.Nc3 Bb4 6.Nxc6 bxc6 7.Bd3 d5 8.
exd5 cxd5 9.O-O O-O 10.Bg5 c6 11.Qf3 Rb8 12.Na4 Bd6 13.Rfe1 Rb4 14.b3 Bg4 
15.Bxf6 Qxf6 16.Qxf6 gxf6 17.f3 Be6 18.Rad1 h5 19.c3 Rbb8 20.g3 Kg7 21.f4 
Bg4 22.Be2 Rfe8 23.Bxg4 Rxe1+ 24.Rxe1 hxg4 25.Rd1 Ba3 26.Rd4 f5 27.Rd1 Re8
28.Kf2 Re4 29.Rd3 Kf6 30.b4 a5 31.Nc5 Re7 32.Rd4 Ra7 33.Nd3 Ke6 34.Ke2 Kd6
35.Ne5 c5 36.bxc5+ Bxc5 37.Ra4 f6 38.Ng6 Kc6 39.c4 Bb4 40.a3 Bc3 41.Kd3 d4
42.Nh4 Kc5 43.Nxf5 Rd7 44.Nh6 Rg7 45.Nf5 Rd7 46.Nh6 Rg7 47.Nf5 Rd7 48.Nh6 
Re7 49.Nxg4 Re1 50.Nxf6 Re3+ 51.Kc2 Re2+ 52.Kd3 Re3+ 53.Kc2 Re1 54.Kd3 
1/2-1/2

[Event "Gipuzkoa ch"]
[Site "Donostia"]
[Date "2013.11.09"]
[Round "6"]
[White "Guijarro Galan, Jose Luis"]
[Black "Fernandez Zubitur, Jokin"]
[Result "1-0"]
[WhiteElo "2178"]
[BlackElo "1983"]

1.e4 d6 2.d4 Nf6 3.Nc3 e5 4.Nf3 Nbd7 5.h3 Be7 6.Be3 c6 7.a4 b6 8.Bc4 Qc7 
9.Qe2 Bb7 10.Bxf7+ Kxf7 11.Qc4+ Ke8 12.Ng5 Nf8 13.Qf7+ Kd8 14.dxe5 dxe5 
15.Qxg7 Rg8 16.Qf7 Kc8 17.O-O-O Ba6 18.Kb1 Bd8 19.Qb3 Kb7 20.a5 Qe7 21.Nf7
Bc7 22.axb6 Bxb6 23.Nd6+ Kc7 24.Qa3 Nd5 25.Nxd5+ 1-0

[Event "Gipuzkoa ch"]
[Site "Donostia"]
[Date "2013.11.09"]
[Round "6"]
[White "Sanchez Ruesga, Hector"]
[Black "Segovia Sanchez, Antonio"]
[Result "1-0"]
[WhiteElo "2074"]
[BlackElo "2059"]

1.d4 d5 2.c4 c6 3.Nf3 Nf6 4.e3 a6 5.a4 e6 6.Bd3 Bd6 7.O-O Nbd7 8.cxd5 cxd5
9.Nc3 O-O 10.e4 dxe4 11.Nxe4 Nxe4 12.Bxe4 h6 13.Bc2 Nf6 14.Re1 Bd7 15.Ne5 
Rc8 16.Bf4 Bc6 17.Qd3 Bxe5 18.Rxe5 Re8 19.Ra3 Bd5 20.Qd2 Kf8 21.Rg3 Ng8 
22.Bh7 Qf6 23.Re1 Qh4 24.Be5 f6 25.Bf4 g5 26.Bd6+ Kg7 27.Bb1 Qh5 28.f4 Rc6
29.fxg5 Rxd6 30.gxf6+ Kf8 31.Bg6 Qh4 32.Bxe8 Nxf6 33.Bg6 Ke7 34.Bf5 Kf7 
35.Qe3 1-0

[Event "Gipuzkoa ch"]
[Site "Donostia"]
[Date "2013.11.09"]
[Round "6"]
[White "Perez Cela, David"]
[Black "Garro Beraza, Julen"]
[Result "1/2-1/2"]
[WhiteElo "2036"]
[BlackElo "1986"]

1.d4 d6 2.c4 g6 3.Nc3 Bg7 4.e4 Nf6 5.Bg5 O-O 6.Qd2 c6 7.f4 a6 8.Nf3 b5 9.
cxb5 axb5 10.Bd3 b4 11.Nd1 Ba6 12.O-O Qb6 13.Re1 Nbd7 14.Kh1 Bxd3 15.Qxd3 
Rfe8 16.e5 Nd5 17.Ne3 Nxe3 18.Rxe3 dxe5 19.fxe5 Nf8 20.Re2 Ne6 21.Be3 Qb7 
1/2-1/2

[Event "Gipuzkoa ch"]
[Site "Donostia"]
[Date "2013.11.09"]
[Round "6"]
[White "Tung, Siu Hung"]
[Black "Alvarado Fernandez, Mikel"]
[Result "1-0"]
[WhiteElo "1850"]
[BlackElo "1961"]

1.b3 Nf6 2.Bb2 e6 3.g3 Be7 4.Bg2 d5 5.e3 O-O 6.Nf3 c5 7.c4 Nc6 8.O-O b6 9.
Qc2 Bb7 10.d4 Nb4 11.Qe2 dxc4 12.Rd1 Qc7 13.a3 Nd3 14.Bc3 cxd4 15.Bxd4 
Rac8 16.bxc4 Nc5 17.Nbd2 Rfd8 18.a4 Nce4 19.Nxe4 Bxe4 20.Rdc1 h6 21.Ne5 
Bxg2 22.Kxg2 Bd6 23.Qb2 Bc5 24.Nf3 Ne8 25.a5 bxa5 26.Bc3 Rb8 27.Qa2 Bb4 
28.Be5 Bd6 29.Bxd6 Qxd6 30.Qxa5 Rd7 31.Kg1 Rdb7 32.c5 Qd5 33.Nd4 Rc8 34.
Qa3 Rbc7 35.c6 e5 36.Nf5 Kh7 37.Ne7 Qe6 38.Nxc8 Qxc8 39.Qc5 f6 40.Rxa7 Qe6
41.Rb7 f5 42.Qb6 Qd6 43.Qb1 Rxc6 44.Qxf5+ Kg8 45.Qf7+ Kh7 46.Kh1 Kh8 1-0

[Event "Gipuzkoa ch"]
[Site "Donostia"]
[Date "2013.11.09"]
[Round "6"]
[White "Cejudo Urdampilleta, Jose Manu"]
[Black "Navascues Zabaleta, Jesus"]
[Result "0-1"]
[WhiteElo "1922"]
[BlackElo "1778"]

1.d4 Nf6 2.c4 g6 3.Nc3 Bg7 4.e4 d6 5.Nf3 O-O 6.Be2 e5 7.O-O exd4 8.Nxd4 
Nc6 9.Be3 Re8 10.f3 Nh5 11.Nxc6 bxc6 12.Qd2 c5 13.Rad1 Be6 14.Qe1 Rb8 15.
b3 f5 16.Bxc5 Qg5 17.h4 Bxc3 18.Qxc3 Qxh4 19.Bf2 Nf4 20.Rfe1 Qg5 21.Bf1 
Nh3+ 22.Kh2 Nxf2 23.Rd2 Qh4+ 24.Kg1 Nxe4 25.g3 Qxg3+ 26.Rg2 Qxg2+ 0-1